00332nam a2200121Ia 4500008004100000041000800041082001600049100002300065245004500088260003400133300003200167365001100199240624s9999 xx 000 0 und d aeng a658.022 SUT aGARRETT SUTTON ESQ aOWN YOUR OWN CORPORATION WHY THE RICH OW c2008aNew YorkbBusiness Plus axiii, : 240 : p. : cm. ; 22 cRSb15